Introduction to the Finite Element Method (Record no. 182261)
[ view plain ]
| 000 -LEADER | |
|---|---|
| fixed length control field | 00961 a2200181 4500 |
| 003 - CONTROL NUMBER IDENTIFIER | |
| control field | Nust |
| 005 - DATE AND TIME OF LATEST TRANSACTION | |
| control field | 20221019164329.0 |
| 022 ## - INTERNATIONAL STANDARD SERIAL NUMBER | |
| International Standard Serial Number | 9812531394 |
| 040 ## - CATALOGING SOURCE | |
| Transcribing agency | Nust |
| 082 ## - DEWEY DECIMAL CLASSIFICATION NUMBER | |
| Classification number | 620.00151,THO |
| 100 ## - MAIN ENTRY--PERSONAL NAME | |
| Personal name | Thompson,Erik G |
| 9 (RLIN) | 100903 |
| 245 ## - TITLE STATEMENT | |
| Title | Introduction to the Finite Element Method |
| Remainder of title | Theory ,Programminng and Applications/ |
| Statement of responsibility, etc. | Erock G ,Thompson |
| 260 ## - PUBLICATION, DISTRIBUTION, ETC. | |
| Place of publication, distribution, etc. | India |
| Name of publisher, distributor, etc. | Wiley, & sons |
| Date of publication, distribution, etc. | 2005 |
| 300 ## - PHYSICAL DESCRIPTION | |
| Extent | 343:p |
| 505 ## - FORMATTED CONTENTS NOTE | |
| Formatted contents note | Introduction (Page-1), Calculus Of Variations (Page-23), A Finite Element Program (Page-35), Linear Second-Order Ordinary Differential Equations (Page-53), A Finite Element Function For Two Dimensions (Page-83), Poison’s Equations (Page-91), Higher Order Elements (Page-133), A FEM Program For Two Dimensional Boundary Value Problems (Page-157), Analysis Of Transient Behavior (Page-191), Elasticity (Page-221), Higher Order Equations (Page-261). |
| 650 ## - SUBJECT ADDED ENTRY--TOPICAL TERM | |
| Topical term or geographic name entry element | Interduction to the Finite Element Method |
| 9 (RLIN) | 100904 |
| 942 ## - ADDED ENTRY ELEMENTS (KOHA) | |
| Source of classification or shelving scheme | |
| Koha item type | Book |
| Withdrawn status | Lost status | Source of classification or shelving scheme | Damaged status | Not for loan | Permanent Location | Current Location | Shelving location | Date acquired | Full call number | Barcode | Date last seen | Price effective from | Koha item type | Public note |
|---|---|---|---|---|---|---|---|---|---|---|---|---|---|---|
| Military College of Signals (MCS) | Military College of Signals (MCS) | General Stacks | 12/12/2016 | 620.00151,THO | MCS32613 | 12/08/2016 | 12/12/2016 | Book | Almirah No.26, Shelf No.6 |
